Svatební cesta do Jiljí /

Hlavní autor: Skála, Miroslav, 1924-1989
Jazyk: Čeština
Vydáno: Praha : Garamond, 2004
Vydání: Vydání třetí
Témata:
Fyzický popis: 184 stran : ilustrace ; 18 cm
Knihy
Uloženo v:
LEADER 01113nam a2200337 i 4500
001 001569934
003 CZ BrMZK
005 20170331131000.0
007 ta
008 170328s2004 xr a g 000 f cze
020 |a 80-86379-67-1  |q (brožováno) 
040 |a BOA001  |b cze  |e rda 
072 7 |a 821.162.3-3  |x Česká próza  |2 Konspekt  |9 25 
080 |a 821.162.3-31  |2 MRF 
080 |a (0:82-311.5)  |2 MRF 
100 1 |a Skála, Miroslav,  |d 1924-1989  |7 jk01111431  |4 aut 
245 1 0 |a Svatební cesta do Jiljí /  |c Miroslav Skála 
250 |a Vydání třetí 
264 1 |a Praha :  |b Garamond,  |c 2004 
300 |a 184 stran :  |b ilustrace ;  |c 18 cm 
336 |a text  |b txt  |2 rdacontent 
337 |a bez média  |b n  |2 rdamedia 
338 |a svazek  |b nc  |2 rdacarrier 
655 7 |a české romány  |7 fd133974  |2 czenas 
655 7 |a humoristické romány  |7 fd132431  |2 czenas 
655 9 |a Czech fiction  |2 eczenas 
655 9 |a humorous novels  |2 eczenas 
910 |a BOA001  |b 1-1385.492 
990 |a BK 
991 |b 201703  |c NOV 
996 6 |b 2610701898  |c 1-1385.492  |l MZK  |r Sklad / do 1 hodiny  |n 0  |p dar  |w 001605466  |u 000010  |a 1  |e BOA001  |j MZK50  |s P